000 00459nam a22001817a 4500
003 OSt
005 20230912110801.0
008 230912b |||||||| |||| 00| 0 eng d
020 _a1478611782
040 _cDDC
082 _a843
100 _4Warne-Vieyra, Myriam
245 _aJuletane
_c Myriam Warne-Vieyra
260 _aLong Grove, Illinios :
_bWaveland Press,
_c1987.
300 _axxv, 80 p. :
500 _aIncludes bibliography.
942 _2ddc
_cBK
999 _c19695
_d19693